MARC

LEADER 00000nam0a2200000 4500
001 13842
005 20231101204919.0
010 |a 5865090542 
035 |a (RuTPU)RU\TPU\book\13927 
035 |a BOOK00013995 
090 |a 13842 
100 |a 20011209d1999 m y0rusy50 ca 
101 0 |a rus 
102 |a RU 
105 |a y j 000zy 
200 1 |a Математические методы в экономике  |e учебник  |f О. О. Замков, А. В. Толстопятенко, Ю. Н. Черемных 
205 |a 2-е изд. 
210 |a Москва  |c Дело и Сервис  |d 1999 
215 |a 368 с. 
225 1 |a Учебники МГУ им. М. В. Ломоносова 
451 1 |0 (RuTPU)RU\TPU\book\46584  |y 5-86509-054-2  |t Математические методы в экономике  |o учебник  |f О. О. Замков, А. В. Толстопятенко, Ю. Н. Черемных  |g Под ред. А. В. Сидоровича  |e 3-е изд., перераб.  |c М.  |n Дело и Сервис  |d 2001  |p 368 с.  |s Учебники МГУ им. М. В. Ломоносова  |a Замков, О. О. 
606 1 |a Экономика  |x Математические методы  |2 stltpush  |3 (RuTPU)RU\TPU\subj\80754  |9 88355 
610 1 |a экономические модели 
610 1 |a математические методы 
610 1 |a экономический анализ 
610 1 |a статистические методы 
610 1 |a эконометрика 
610 1 |a линейная регрессия 
610 1 |a учебники 
686 |a Ув631я73  |v LBC/SL-A  |2 rubbk 
700 1 |a Замков  |b О. О. 
701 1 |a Толстопятенко  |b А. В. 
701 1 |a Черемных  |b Ю. Н. 
801 0 |a RU  |b 63413507  |c 20011209  |g PSBO 
801 2 |a RU  |b 63413507  |c 20220906  |g PSBO 
900 |a Математические методы исследования экономики 
942 |c BK